000 00264nam a2200121Ia 4500
082 _a612.015
_bB11R
100 _aRAJE, V.N.
245 _aBIOCHEMISTRY AND CLINICAL PHYSIOLOGY
260 _bCBS- DELHI
300 _a150
650 _aPHARMACEUTICS
942 _2ddc
_cBK
999 _c7218
_d7218